Harry Potter Word Scramble Quiz Stats

 Plays Quiz not verified by Sporcle

Score 0/38 Timer 13:00
0 Plays Today
Scrambled words Unscrambled words % Correct
ronRon
86%
huffpuffleHufflepuff
84.3%
dadaDADA
77.6%
seepevPeeves
76.9%
prawgGrawp
75.6%
tom marvolo riddleI am Lord Voldemort
75.3%
nawdWand
75.2%
ffirgoppihHippogriff
70.9%
paensSnape
69.9%
rycep lasweeyPercy Weasley
69.6%
lolrtTroll
69.3%
utididqhcQuidditch
67.7%
gwidheHedwig
66.1%
itraRita
65.6%
memaxiMaxime
65.1%
gridsah uthHagrids Hut
63.5%
nemrheoiHermione
63.3%
aekly nraudcloLeaky Cauldron
61.9%
boresRobes
61.6%
Scrambled words Unscrambled words % Correct
neabBane
60.6%
ganiinNagini
59.7%
yilopejucPolyjuice
58.8%
hlfuoirs nda totlbsFlourish and Blotts
57.1%
gumelgMuggle
57.1%
brulgyb klapnGrubbly plank
55.1%
ntyivsbiiil kalocInvisibility Cloak
53.4%
xplimraeleusExpelliarmus
50.7%
vortreTrevor
48.6%
soopplherish notesPhilosophers Stone
48.4%
liberbuqQuibbler
46.4%
sekudyenohHoneydukes
46%
xtuenbaoabsBeauxbatons
44.9%
loobumddMudblood
44.3%
gunsumnudMundungus
42.3%
minasugaAnimagus
28.6%
arucoledDelacour
22.7%
metiquernerRequirement
20.1%
leonrusicCornelius
15.2%

You're not logged in!

Compare scores with friends on all Sporcle quizzes.
OR
Log In

Show Comments

Extras

Top Quizzes Today


Score Distribution

Your Account Isn't Verified!

In order to create a playlist on Sporcle, you need to verify the email address you used during registration. Go to your Sporcle Settings to finish the process.

Report this User

Report this user for behavior that violates our Community Guidelines.

Details: